000 00365pam a2200157a 44500
008 230515b1984 xxu||||| |||| 00| 0 eng d
020 _aNULL
041 _aSANSKRIT
082 _a1
100 _aAPTE M
245 _aANANDASRAM SUSKRUT GRANTHAWALI
250 _a1
260 _aSANGALI
_bN.D.
_c1984
300 _a100
650 _aANANDASRAM SUSKRUT GRANTHAWALI
999 _c479561
_d479561